The selfhood of the human person / (Registro nro. 26436)
[ vista simple ]
| 000 -LEADER | |
|---|---|
| fixed length control field | 00968cam a2200289 i 4500 |
| 001 - CONTROL NUMBER | |
| control field | 26436 |
| 003 - CONTROL NUMBER IDENTIFIER | |
| control field | Mx-PuUPA |
| 005 - DATE AND TIME OF LATEST TRANSACTION | |
| control field | 20260122114844.0 |
| 008 - FIXED-LENGTH DATA ELEMENTS--GENERAL INFORMATION | |
| fixed length control field | 140415s1996 xxu gr 000 0 eng d |
| 020 ## - INTERNATIONAL STANDARD BOOK NUMBER | |
| International Standard Book Number | 0813208653 |
| Qualifying information | rústica |
| 040 ## - CATALOGING SOURCE | |
| Original cataloging agency | Mx-PuUPA |
| Language of cataloging | spa |
| Transcribing agency | Mx-PuUPA |
| Modifying agency | Mx-PuUPA |
| Description conventions | rda |
| 041 0# - LANGUAGE CODE | |
| Language code of text/sound track or separate title | eng |
| 100 1# - MAIN ENTRY--PERSONAL NAME | |
| Personal name | Crosby, John F., |
| Dates associated with a name | 1944- |
| 9 (RLIN) | 17552 |
| Relator term | autor |
| 245 14 - TITLE STATEMENT | |
| Title | The selfhood of the human person / |
| Statement of responsibility, etc. | John F. Crosby |
| 264 #1 - PRODUCTION, PUBLICATION, DISTRIBUTION, MANUFACTURE, AND COPYRIGHT NOTICE | |
| Place of production, publication, distribution, manufacture | Washington, D. C. ; |
| Name of producer, publisher, distributor, manufacturer | The Catholic Univesity of America Press, |
| Date of production, publication, distribution, manufacture, or copyright notice | ©1996 |
| 300 ## - PHYSICAL DESCRIPTION | |
| Extent | 313 páginas ; |
| Dimensions | 23 cm |
| 336 ## - CONTENT TYPE | |
| Fuente | rdacontent |
| Content type term | texto |
| Content type code | txt |
| 337 ## - MEDIA TYPE | |
| Source | rdamedia |
| Media type term | sin medio |
| Media type code | n |
| 338 ## - CARRIER TYPE | |
| Source | rdacarrier |
| Carrier type term | volumen |
| Carrier type code | nc |
| 650 #7 - SUBJECT ADDED ENTRY--TOPICAL TERM | |
| 9 (RLIN) | 13986 |
| Source of heading or term | armarc |
| Topical term or geographic name entry element | Yo (Filosofía) |
| 650 #7 - SUBJECT ADDED ENTRY--TOPICAL TERM | |
| Source of heading or term | armarc |
| Topical term or geographic name entry element | Antropología filosófica |
| 942 ## - ADDED ENTRY ELEMENTS (KOHA) | |
| Source of classification or shelving scheme | Dewey Decimal Classification |
| Koha item type | Libro |
| Classification part | 126 |
| Item part | C37 |
| Withdrawn status | Lost status | Source of classification or shelving scheme | Damaged status | Not for loan | Collection code | Home library | Current library | Shelving location | Date acquired | Source of acquisition | Total Checkouts | Full call number | Barcode | Price effective from | Koha item type |
|---|---|---|---|---|---|---|---|---|---|---|---|---|---|---|---|
| Dewey Decimal Classification | General | Biblioteca Karol Wojtyla | Biblioteca Karol Wojtyla | Sala general | 03/12/2013 | Donación | 126 C37 1996 | 49117 | 03/12/2013 | Libro |